Statistics for Birthstones Quiz

Click here to take the quiz!

General Stats

  • This quiz has been taken 52,638 times
    (33,682 since last reset)
  • The average score is 8 of 12

Answer Stats

MonthBirthstone% Correct
JulyRuby
94%
AprilDiamond
94%
MayEmerald
88%
SeptemberSapphire
84%
OctoberOpal or Tourmaline
70%
NovemberTopaz or Citrine
66%
JunePearl, Moonstone, or Alexandrite
64%
FebruaryAmethyst
63%
JanuaryGarnet
53%
MarchAquamarine or Bloodstone
45%
DecemberTurquoise, Zircon, or Tanzanite
40%
AugustPeridot
33%

Score Distribution

Percentile by Number Answered

Percent of People with Each Score

Your Score History

You have not taken this quiz since the last reset